000 01069nam a2200313 i 4500
001 000045821
003 DO-SdBNP
005 20241018094257.0
008 241018s1991 dr 000 0 spa d
040 _aDO-SdBNP
_bspa
_cBNPHU
_erda
041 _hspa
082 _bU588
_222
110 1 _aUniversidad Autónoma de Santo Domingo
_972951
245 1 0 _aLibro de graduandos :
_binvestidura ordinaria 21 de junio de 1991
264 _aSanto Domingo :
_bUniversitaria-UASD,
_c1991
300 _a47 páginas. ;
_c21 cm.
336 _ardacontent
_btexto
_2txt
337 _ardamedia
_bsin mediación
_2n
338 _ardacarrier
_bvolumen
_2nc
490 1 _aPublicaciones de la Universidad Autónoma de Santo Domingo
_v655
490 1 _aActos académicos
_v3
590 _aInventariado, 2024 / DG
650 4 _aTITULOS ACADEMICOS
_981657
650 4 _aUniversidad Autónoma de Santo Domingo
_981917
830 0 _aPublicaciones de la Universidad Autónoma de Santo Domingo.
_n655
_973896
830 0 _aActos académicos.
_n3
_973897
910 _aDG
942 _2ddc
_cLF2
999 _c57903
_d57903